000 00641nam a2200241Ia 4500
003 OSt
005 20221005120642.0
006 a|||||r|||| 00| 0
007 ta
008 221004b |||||||| |||| 00| 0 eng d
024 _a51065
037 _cTextual
040 _aCRL
_cCRL
_beng
041 _2eng
_aeng
082 _aQ2:1, H8
100 _aThomas P
_972541
245 0 _aEpics, myth and legends of India
_b A comparative survey of the sacred lore of the Hindus, Buddhist and Jains
250 _a8th
260 _c1948
650 _aRELIGION
942 _hQ2:1, H8
_cTEXL
_2cc
999 _c1038699
_d1038699